[Event "5MCR_3DW_1L_2S"]
[Site "ČR"]
[Date "2013.??.??"]
[Round "?"]
[White "Cernovsky, Karel"]
[Black "Pavlicek, Miroslav"]
[Result "1/2-1/2"]
[WhiteElo "2344"]
[BlackElo "2252"]
[PlyCount "96"]
[EventDate "2013.??.??"]
[EventType "corr"]

1. e4 c5 2. Nf3 Nc6 3. d4 cxd4 4. Nxd4 Nf6 5. Nc3 e5 6. Ndb5 d6 7. Bg5 a6 8.
Na3 b5 9. Bxf6 gxf6 10. Nd5 f5 11. Bd3 Be6 12. O-O Bxd5 13. exd5 Ne7 14. Nxb5
Bg7 15. Nc3 e4 16. Bc4 O-O 17. Qh5 Qc7 18. Bb3 Bxc3 19. bxc3 f4 20. Ba4 Qxc3
21. Rae1 f5 22. Qg5+ Ng6 23. Bd7 Qe5 24. Be6+ Kh8 25. Rb1 Ra7 26. Rb3 f3 27.
gxf3 Nf4 28. Kh1 Nxe6 29. dxe6 Qxe6 30. Qd2 Rg7 31. f4 Qc4 32. Rfb1 Rfg8 33.
Rg3 d5 34. Kg2 h5 35. Qd1 Rg4 36. Rb6 e3 37. fxe3 Qe4+ 38. Kh3 Kh7 39. Rb7+ Kh6
40. Rd7 h4 41. Rf3 Rg2 42. Rd6+ R8g6 43. Qxd5 Qxc2 44. Rxg6+ Rxg6 45. Rf1 Qe2
46. Qf3 Qxa2 47. Rd1 Re6 48. e4 Qc2 1/2-1/2

[Event "5MCR_3DW_1L_2S"]
[Site "ČR"]
[Date "2013.??.??"]
[Round "?"]
[White "Nedoma, Petr"]
[Black "Jarabinsky, Martin"]
[Result "1/2-1/2"]
[WhiteElo "2415"]
[BlackElo "2227"]
[PlyCount "53"]
[EventDate "2013.??.??"]
[EventType "corr"]

1. d4 Nf6 2. c4 g6 3. Nc3 d5 4. Nf3 Bg7 5. Qb3 dxc4 6. Qxc4 O-O 7. e4 Bg4 8.
Be3 Nfd7 9. O-O-O Nb6 10. Qb5 e6 11. Be2 Nc6 12. Kb1 Bxf3 13. Bxf3 Nxd4 14. Qc5
e5 15. Nb5 Rc8 16. Nxd4 exd4 17. Bxd4 Na4 18. Qc4 b5 19. Qd5 Bxd4 20. Rxd4 Qe8
21. Bg4 c5 22. Bxc8 cxd4 23. Bd7 Qe7 24. Bc6 Qb4 25. Qb3 Qd6 26. Qd5 Qb4 27.
Qb3 1/2-1/2

[Event "5MCR_3DW_1L_2S"]
[Site "ČR"]
[Date "2013.??.??"]
[Round "?"]
[White "Jarabinsky, Martin"]
[Black "Cernovsky, Karel"]
[Result "1/2-1/2"]
[WhiteElo "2227"]
[BlackElo "2344"]
[PlyCount "63"]
[EventDate "2013.??.??"]
[EventType "corr"]

1. d4 Nf6 2. c4 e6 3. Nf3 d5 4. Nc3 h6 5. Bf4 Bd6 6. Be5 Bxe5 7. dxe5 Ne4 8.
Qc2 Nxc3 9. Qxc3 O-O 10. Rd1 Qe7 11. e3 Rd8 12. Be2 c5 13. Qb3 dxc4 14. Rxd8+
Qxd8 15. Bxc4 Qc7 16. O-O a6 17. Bd3 b5 18. Qc2 Nd7 19. Bh7+ Kh8 20. Be4 Bb7
21. Rd1 Rc8 22. Bxb7 Qxb7 23. Rd6 c4 24. Qd2 Nc5 25. Qd4 Qc7 26. h4 a5 27. Nd2
a4 28. a3 Kg8 29. h5 Nb3 30. Qc3 Nc5 31. Qd4 Nb3 32. Qc3 1/2-1/2

[Event "5MCR_3DW_1L_2S"]
[Site "ČR"]
[Date "2013.??.??"]
[Round "?"]
[White "Nedoma, Petr"]
[Black "Pravec, Ladislav"]
[Result "1/2-1/2"]
[WhiteElo "2415"]
[BlackElo "2343"]
[PlyCount "58"]
[EventDate "2013.??.??"]
[EventType "corr"]

1. d4 Nf6 2. c4 e6 3. Nc3 Bb4 4. Nf3 b6 5. Bg5 Bb7 6. e3 h6 7. Bh4 g5 8. Bg3
Ne4 9. Qc2 Bxc3+ 10. bxc3 Nxg3 11. hxg3 Nc6 12. g4 Qe7 13. Nd2 O-O-O 14. c5
Rdf8 15. Qa4 f5 16. gxf5 g4 17. Ba6 Rxf5 18. Rb1 Bxa6 19. Qxa6+ Kd8 20. e4 Rff8
21. cxb6 cxb6 22. O-O Qg5 23. Qe2 g3 24. e5 Rxf2 25. Rxf2 Qh4 26. Nf1 gxf2+ 27.
Qxf2 Qxf2+ 28. Kxf2 Rf8+ 29. Ke2 Ne7 1/2-1/2

[Event "5MCR_3DW_1L_2S"]
[Site "ČR"]
[Date "2013.??.??"]
[Round "?"]
[White "Pravec, Ladislav"]
[Black "Nedoma, Petr"]
[Result "1/2-1/2"]
[WhiteElo "2343"]
[BlackElo "2415"]
[PlyCount "50"]
[EventDate "2013.??.??"]
[EventType "corr"]

1. d4 d5 2. c4 c6 3. cxd5 cxd5 4. Nc3 Nc6 5. Nf3 Nf6 6. Bf4 Bf5 7. e3 e6 8. Qb3
Bb4 9. Bb5 Bd6 10. Bxd6 Qxd6 11. O-O O-O 12. Rfc1 Rfc8 13. Bxc6 bxc6 14. Qb7
Rcb8 15. Qa6 Rxb2 16. Na4 Rbb8 17. Rxc6 Qe7 18. Nc5 h6 19. Ne5 Ng4 20. Ncd7 Rd8
21. Rac1 f6 22. Nxg4 Rxd7 23. h3 Rad8 24. Nh2 Rd6 25. Nf1 Rxc6 1/2-1/2

[Event "5MCR_3DW_1L_2S"]
[Site "ČR"]
[Date "2013.??.??"]
[Round "?"]
[White "Cernovsky, Karel"]
[Black "Jirku, Jaroslav"]
[Result "1/2-1/2"]
[WhiteElo "2344"]
[BlackElo "2338"]
[PlyCount "59"]
[EventDate "2013.??.??"]
[EventType "corr"]

1. e4 e5 2. Nf3 Nc6 3. Bb5 a6 4. Ba4 Nf6 5. O-O Be7 6. Re1 b5 7. Bb3 O-O 8. Nc3
d6 9. Nd5 Bg4 10. c3 Na5 11. Nxe7+ Qxe7 12. Bc2 c5 13. h3 Bh5 14. d3 Nd7 15.
Qe2 Rab8 16. g4 Bg6 17. a4 b4 18. cxb4 Rxb4 19. Bd2 Nb3 20. Bxb4 Nxa1 21. Rxa1
cxb4 22. Bb3 Nc5 23. Bd5 h5 24. Rc1 a5 25. b3 Qf6 26. Qe3 hxg4 27. hxg4 Ne6 28.
Rc6 Nf4 29. Bc4 Qd8 30. Qa7 1/2-1/2

[Event "5MCR_3DW_1L_2S"]
[Site "ČR"]
[Date "2013.??.??"]
[Round "?"]
[White "Pavlicek, Miroslav"]
[Black "Pravec, Ladislav"]
[Result "0-1"]
[WhiteElo "2252"]
[BlackElo "2343"]
[PlyCount "96"]
[EventDate "2013.??.??"]
[EventType "corr"]

1. e4 c5 2. Nf3 Nc6 3. d4 cxd4 4. Nxd4 Nf6 5. Nc3 e5 6. Ndb5 d6 7. Bg5 a6 8.
Na3 b5 9. Bxf6 gxf6 10. Nd5 f5 11. g3 fxe4 12. Bg2 Be6 13. Bxe4 Bg7 14. Nf6+
Bxf6 15. Bxc6+ Ke7 16. c3 Rc8 17. Bg2 d5 18. O-O d4 19. Nb1 Kf8 20. a4 Kg7 21.
axb5 axb5 22. Ra7 Rc7 23. Ra8 Qd7 24. Rxh8 Kxh8 25. Be4 Bg4 26. f3 Bh3 27. Qd2
Bg7 28. Re1 f5 29. Bd3 Rc8 30. Kh1 b4 31. cxb4 Qb7 32. Qe2 Qxb4 33. Qd2 Rb8 34.
Qe2 e4 35. fxe4 Bg4 36. Qf1 f4 37. Qf2 fxg3 38. Qxg3 Bf3+ 39. Kg1 Rg8 40. Bc4
Re8 41. Qf2 Bh6 42. Qxd4+ Bg7 43. Qf2 Bxe4 44. Nd2 Rf8 45. Qe3 Bc6 46. Re2 Qd6
47. Ne4 Qd1+ 48. Re1 Qg4+ 0-1

[Event "5MCR_3DW_1L_2S"]
[Site "ČR"]
[Date "2014.??.??"]
[Round "?"]
[White "Cernovsky, Karel"]
[Black "Pirhala, Ladislav"]
[Result "1/2-1/2"]
[WhiteElo "2344"]
[BlackElo "2310"]
[PlyCount "123"]
[EventDate "2013.??.??"]
[EventType "corr"]

1. e4 c6 2. d4 d5 3. e5 Bf5 4. Nf3 e6 5. Be2 c5 6. Be3 cxd4 7. Nxd4 Ne7 8. Nd2
Nbc6 9. N2f3 Be4 10. O-O h6 11. c4 a6 12. Rc1 Bxf3 13. Bxf3 Nxe5 14. Qa4+ b5
15. cxb5 Nxf3+ 16. Nxf3 axb5 17. Qxb5+ Qd7 18. Nd4 g5 19. a4 Qxb5 20. Nxb5 Rxa4
21. Nd6+ Kd7 22. b3 Ra2 23. Nxf7 Rh7 24. Ne5+ Ke8 25. Rc7 Bg7 26. Nd3 Bf6 27.
b4 d4 28. Bc1 Kd8 29. Rb7 Kc8 30. Nc5 Rc2 31. Ra7 Kb8 32. Ra6 Nd5 33. Rxe6 Be7
34. Nb3 d3 35. Nd4 Rc4 36. Nc6+ Kc7 37. b5 Bd6 38. Bd2 Kd7 39. Re5 Nc7 40. Re3
Nxb5 41. Na5 Rd4 42. Rb1 Rd5 43. Nc4 Kc6 44. Re6 Rc5 45. Nxd6 Nxd6 46. Bb4 Rd5
47. Rxd6+ Rxd6 48. Rc1+ Kd5 49. Bxd6 Kxd6 50. Rd1 Ra7 51. Rxd3+ Ke5 52. Kf1 Ra4
53. Rc3 h5 54. Re3+ Kf5 55. h3 h4 56. Rb3 Ra2 57. Ke1 Ke4 58. Rb4+ Kf5 59. Rb5+
Kf4 60. Rd5 Rb2 61. Rd2 Rb4 62. Rc2 1/2-1/2

[Event "5MCR_3DW_1L_2S"]
[Site "ČR"]
[Date "2014.??.??"]
[Round "?"]
[White "Nedoma, Petr"]
[Black "Cernovsky, Karel"]
[Result "1-0"]
[WhiteElo "2415"]
[BlackElo "2344"]
[PlyCount "59"]
[EventDate "2013.??.??"]
[EventType "corr"]

1. d4 Nf6 2. c4 e6 3. Nf3 d5 4. Nc3 Be7 5. e3 O-O 6. Be2 dxc4 7. O-O c5 8. Bxc4
Qc7 9. Qe2 a6 10. dxc5 Bxc5 11. e4 Ng4 12. h3 Nxf2 13. Rxf2 Bxf2+ 14. Kxf2 b5
15. Bb3 Bb7 16. Be3 h6 17. Kg1 Nd7 18. a3 Rac8 19. Bd4 Qg3 20. Rf1 Rfd8 21. Ba2
Nc5 22. Qe3 Qd6 23. b4 Nd7 24. Ne2 Rf8 25. e5 Qe7 26. Bb1 Bxf3 27. Rxf3 Qh4 28.
Rf4 Qe1+ 29. Rf1 Qh4 30. Nc3 1-0

[Event "5MCR_3DW_1L_2S"]
[Site "ČR"]
[Date "2014.??.??"]
[Round "?"]
[White "Sykora, Josef"]
[Black "Cernovsky, Karel"]
[Result "1/2-1/2"]
[WhiteElo "2367"]
[BlackElo "2344"]
[PlyCount "116"]
[EventDate "2013.??.??"]
[EventType "corr"]

1. c4 e5 2. g3 Nf6 3. Bg2 Bc5 4. Nc3 O-O 5. e3 Nc6 6. Nge2 d6 7. O-O Bb6 8. d3
Bf5 9. a3 Qd7 10. Re1 Rad8 11. b4 Bh3 12. Ne4 Nxe4 13. Bxe4 Ne7 14. d4 c6 15.
Qc2 Ng6 16. Bh1 Rfe8 17. Bb2 Qg4 18. a4 Nh4 19. Qe4 Qxe4 20. Bxe4 exd4 21. Bh1
dxe3 22. f4 Nf5 23. a5 Bc7 24. a6 bxa6 25. Bxc6 Rf8 26. Rxa6 Bb6 27. Kh1 h5 28.
b5 Bg4 29. Kg2 Rc8 30. h3 Bxe2 31. Rxe2 h4 32. gxh4 Ne7 33. h5 Nxc6 34. bxc6
Rxc6 35. Bd4 Rxc4 36. Bxb6 axb6 37. Kf3 Rb8 38. Rxe3 Rc5 39. Rb3 b5 40. Rxd6
Rxh5 41. Kg4 g6 42. Rd7 Rf5 43. Rc7 Rd8 44. Rb4 Rd1 45. Rb7 Rh5 46. R4xb5 Rg1+
47. Kf3 Rxh3+ 48. Kf2 Rc1 49. Kg2 Rcc3 50. Rg5 Rhe3 51. Rb2 Kg7 52. Rd2 Kh6 53.
Rb2 Ra3 54. Rd2 Re4 55. Rf2 Raa4 56. Kg3 f5 57. Rf1 Rab4 58. Rf2 Kg7 1/2-1/2

[Event "5MCR_3DW_1L_2S"]
[Site "ČR"]
[Date "2014.??.??"]
[Round "?"]
[White "Jirku, Jaroslav"]
[Black "Sykora, Josef"]
[Result "1/2-1/2"]
[WhiteElo "2338"]
[BlackElo "2367"]
[PlyCount "90"]
[EventDate "2013.??.??"]
[EventType "corr"]

1. e4 c6 2. d4 d5 3. Nc3 dxe4 4. Nxe4 Bf5 5. Ng3 Bg6 6. h4 h6 7. Nf3 Nd7 8. h5
Bh7 9. Bd3 Bxd3 10. Qxd3 e6 11. Bf4 Qa5+ 12. Bd2 Bb4 13. c3 Be7 14. c4 Qc7 15.
O-O-O Ngf6 16. Kb1 O-O 17. Qe2 b5 18. Rc1 bxc4 19. Rxc4 Rab8 20. Rc2 Rfc8 21.
Rhc1 Rb7 22. Ne4 Qb6 23. Nc3 Bb4 24. Na4 Qc7 25. Bxb4 Rxb4 26. Nc5 Nxc5 27.
Rxc5 Nd7 28. R5c3 Qb7 29. a3 Rb5 30. Ne5 Nxe5 31. dxe5 a5 32. f4 Rd5 33. g3 c5
34. g4 Rcd8 35. Rxc5 Rd2 36. Qb5 Qg2 37. Rc8 Rxc8 38. Rxc8+ Kh7 39. Ka2 Qxg4
40. Qxa5 Rf2 41. Qd8 Qxh5 42. Qh8+ Kg6 43. Rg8 Rxb2+ 44. Kxb2 Qe2+ 45. Kc3 Qe3+
1/2-1/2

[Event "5MCR_3DW_1L_2S"]
[Site "ČR"]
[Date "2014.??.??"]
[Round "?"]
[White "Pirhala, Ladislav"]
[Black "Jirku, Jaroslav"]
[Result "1-0"]
[WhiteElo "2310"]
[BlackElo "2338"]
[PlyCount "115"]
[EventDate "2013.??.??"]
[EventType "corr"]

1. e4 e5 2. Nf3 Nc6 3. Bb5 a6 4. Ba4 Nf6 5. O-O Be7 6. Re1 b5 7. Bb3 O-O 8. c3
d6 9. h3 Nb8 10. d4 Nbd7 11. Nbd2 Bb7 12. Bc2 Re8 13. Nf1 Bf8 14. Ng3 g6 15. a4
c5 16. d5 c4 17. Bg5 h6 18. Be3 Nc5 19. Qd2 h5 20. Bg5 Be7 21. Be3 Qc7 22. Ng5
Reb8 23. f4 Rf8 24. Qf2 Nd3 25. Bxd3 cxd3 26. Nf1 Qd8 27. axb5 axb5 28. Rxa8
Bxa8 29. Nd2 Nd7 30. Ndf3 exf4 31. Bxf4 Ne5 32. Rf1 Bb7 33. Qg3 Bc8 34. Nxe5
dxe5 35. Bd2 Qd6 36. Ra1 Bd7 37. Kh1 Bxg5 38. Bxg5 f5 39. Bh6 Rf7 40. Qxd3 fxe4
41. Qd2 Qc5 42. Kh2 Qf2 43. Ra8+ Kh7 44. Qxf2 Rxf2 45. Be3 Rf7 46. b3 Bf5 47.
c4 bxc4 48. bxc4 Kg7 49. Re8 Kf6 50. c5 Rd7 51. d6 Be6 52. Rf8+ Kg7 53. Rb8 Kf6
54. Kg3 g5 55. Rf8+ Kg6 56. h4 gxh4+ 57. Kxh4 Bd5 58. Rh8 1-0

[Event "5MCR_3DW_1L_2S"]
[Site "ČR"]
[Date "2014.??.??"]
[Round "?"]
[White "Pavlicek, Miroslav"]
[Black "Nedoma, Petr"]
[Result "1-0"]
[WhiteElo "2252"]
[BlackElo "2415"]
[PlyCount "113"]
[EventDate "2013.??.??"]
[EventType "corr"]

1. e4 e5 2. Nf3 Nc6 3. Bb5 a6 4. Ba4 Nf6 5. O-O Be7 6. Re1 b5 7. Bb3 O-O 8. c3
d6 9. h3 Na5 10. Bc2 c5 11. d4 Qc7 12. d5 Bb7 13. b3 Rfc8 14. Bg5 g6 15. Nbd2
Nh5 16. Be3 Bf6 17. Bd3 Qd7 18. Rc1 Rab8 19. Bf1 Bd8 20. a3 f6 21. b4 cxb4 22.
axb4 Nc4 23. Nxc4 bxc4 24. Nd2 f5 25. Nxc4 fxe4 26. Na5 Nf6 27. c4 Ba8 28. Qd2
Qa4 29. Rb1 Qd7 30. Red1 h5 31. Nc6 Bxc6 32. dxc6 Rxc6 33. b5 axb5 34. cxb5
Rcc8 35. Qxd6 Qxd6 36. Rxd6 Be7 37. Rc6 Rxc6 38. bxc6 Bd6 39. Rb7 Rxb7 40. cxb7
Bb8 41. Bc4+ Kf8 42. Kf1 Ke8 43. Ke1 Kd7 44. Bf7 Ne8 45. Bxg6 Nd6 46. Bxh5 Nxb7
47. Bg6 Nd6 48. g4 Ke6 49. h4 Bc7 50. h5 Nf7 51. Bxf7+ Kxf7 52. g5 Bd6 53. Kd2
Bf8 54. Kc3 Bg7 55. Kc4 Ke6 56. h6 Bh8 57. Kc5 1-0

[Event "5MCR_3DW_1L_2S"]
[Site "ČR"]
[Date "2014.??.??"]
[Round "?"]
[White "Pavlicek, Miroslav"]
[Black "Pirhala, Ladislav"]
[Result "0-1"]
[WhiteElo "2252"]
[BlackElo "2310"]
[PlyCount "140"]
[EventDate "2013.??.??"]
[EventType "corr"]

1. e4 c6 2. d4 d5 3. e5 Bf5 4. Nc3 e6 5. g4 Bg6 6. Nge2 c5 7. h4 h5 8. Nf4 Bh7
9. g5 cxd4 10. Nb5 Be4 11. f3 Bf5 12. Nxd4 Ne7 13. Nxf5 Nxf5 14. Bd3 g6 15.
Bxf5 gxf5 16. c3 Nc6 17. Be3 Bg7 18. Nd3 Qa5 19. f4 d4 20. Bd2 Qd5 21. Rh3 dxc3
22. Bxc3 O-O-O 23. Qf3 Qb5 24. O-O-O Ne7 25. Kb1 Kb8 26. Rc1 Nd5 27. Bd4 Bf8
28. Bg1 Be7 29. Rh2 Rc8 30. Rhc2 Rxc2 31. Rxc2 Rd8 32. Bf2 b6 33. Qe2 Rd7 34.
b3 Nc7 35. Rc4 Ba3 36. Qf3 Qd5 37. Qxd5 Nxd5 38. Rd4 Kc8 39. Kc2 b5 40. Kd2 Kd8
41. Ke2 Rc7 42. Kd2 Ke8 43. Rxd5 exd5 44. Bd4 Kd7 45. Kd1 Ke6 46. Kd2 a6 47.
Kd1 Rc8 48. Kd2 a5 49. Kd1 Bb4 50. Nc1 Be1 51. Ne2 Bxh4 52. Bb6 b4 53. Nd4+ Kd7
54. Nxf5 Bxg5 55. fxg5 Rg8 56. Kd2 Rxg5 57. Nh4 Rxe5 58. Nf3 Re4 59. Bf2 f6 60.
Kd3 Ke6 61. Nh4 f5 62. Nf3 f4 63. Nd4+ Kf6 64. Bh4+ Kg6 65. Bd8 Re1 66. Kd2 Ra1
67. Ke2 Rxa2+ 68. Kf3 a4 69. bxa4 Rxa4 70. Be7 b3 0-1

[Event "5MCR_3DW_1L_2S"]
[Site "ČR"]
[Date "2014.??.??"]
[Round "?"]
[White "Cernovsky, Karel"]
[Black "Pravec, Ladislav"]
[Result "1/2-1/2"]
[WhiteElo "2344"]
[BlackElo "2343"]
[PlyCount "78"]
[EventDate "2013.??.??"]
[EventType "corr"]

1. e4 c5 2. Nf3 Nc6 3. d4 cxd4 4. Nxd4 Nf6 5. Nc3 e5 6. Ndb5 d6 7. Bg5 a6 8.
Na3 b5 9. Bxf6 gxf6 10. Nd5 f5 11. Bd3 Be6 12. O-O Bxd5 13. exd5 Ne7 14. Nxb5
Bg7 15. Nc3 e4 16. Bc4 Qc7 17. Qe2 Bxc3 18. bxc3 O-O 19. Rfb1 Qc5 20. Rb3 Nxd5
21. Bxd5 Qxd5 22. Rd1 Qe5 23. Rb6 d5 24. Qh5 Ra7 25. Qg5+ Kh8 26. Rf6 Rg8 27.
Qxf5 Qxf5 28. Rxf5 Rc8 29. Rdxd5 Rxc3 30. Rc5 Rc7 31. Ra5 Rxc2 32. h3 Ra7 33.
a4 Rc1+ 34. Kh2 Rc6 35. Rfe5 Rc4 36. Kg3 Kg7 37. Rg5+ Kf8 38. Rgc5 Rb4 39. Rc6
Rb3+ 1/2-1/2

[Event "5MCR_3DW_1L_2S"]
[Site "ČR"]
[Date "2014.??.??"]
[Round "?"]
[White "Pravec, Ladislav"]
[Black "Cernovsky, Karel"]
[Result "1/2-1/2"]
[WhiteElo "2343"]
[BlackElo "2344"]
[PlyCount "72"]
[EventDate "2013.??.??"]
[EventType "corr"]

1. d4 Nf6 2. c4 e6 3. Nf3 d5 4. Nc3 Bb4 5. cxd5 exd5 6. Bg5 h6 7. Bxf6 Qxf6 8.
Qb3 Qb6 9. e3 c6 10. Bd3 Bd6 11. Qc2 O-O 12. O-O Be6 13. e4 dxe4 14. Nxe4 Qc7
15. Nxd6 Qxd6 16. Bh7+ Kh8 17. Bf5 Bxf5 18. Qxf5 Kg8 19. Rfe1 Nd7 20. Qa5 a6
21. Re2 Rfd8 22. Rae1 Nf8 23. Re7 Rd7 24. R7e4 Rad8 25. g3 Qd5 26. Qxd5 Rxd5
27. Re8 f6 28. Rxd8 Rxd8 29. Re7 Rd7 30. Rxd7 Nxd7 31. Nd2 Kf7 32. Kf1 Ke6 33.
Ke2 Kd5 34. Ke3 c5 35. dxc5 Nxc5 36. Nb1 f5 1/2-1/2

[Event "5MCR_3DW_1L_2S"]
[Site "ČR"]
[Date "2014.??.??"]
[Round "?"]
[White "Jarabinsky, Martin"]
[Black "Pavlicek, Miroslav"]
[Result "1-0"]
[WhiteElo "2227"]
[BlackElo "2252"]
[PlyCount "123"]
[EventDate "2013.??.??"]
[EventType "corr"]

1. d4 Nf6 2. c4 g6 3. Nc3 Bg7 4. e4 d6 5. Nf3 O-O 6. Be2 e5 7. O-O exd4 8. Nxd4
Re8 9. f3 Nc6 10. Be3 Nh5 11. g3 f5 12. Nxc6 bxc6 13. Bd3 Qd7 14. Qd2 fxe4 15.
Nxe4 c5 16. Rad1 Bb7 17. Bc2 Qc8 18. b4 cxb4 19. Qxb4 Bc6 20. Qd2 Nf6 21. c5 d5
22. Bb3 Qd7 23. Qd3 Rab8 24. Rfe1 Kh8 25. Nxf6 Bxf6 26. Bxd5 Bxd5 27. Qxd5 Qxd5
28. Rxd5 Rb2 29. a4 Kg7 30. Bh6+ Kf7 31. Rd7+ Re7 32. Rexe7+ Bxe7 33. Bg5 Re2
34. Rxc7 Ke8 35. Rxe7+ Rxe7 36. Bxe7 Kxe7 37. Kf2 Ke6 38. Ke3 Kd5 39. Kf4 Kxc5
40. Kg5 Kb4 41. Kh6 Kxa4 42. Kxh7 a5 43. Kxg6 Kb3 44. f4 a4 45. f5 a3 46. f6 a2
47. f7 a1=Q 48. f8=Q Qa6+ 49. Kg5 Qa5+ 50. Kg4 Qa4+ 51. Qf4 Qd7+ 52. Qf5 Qg7+
53. Kh3 Qh6+ 54. Kg2 Qd2+ 55. Qf2 Qh6 56. Qe2 Kc3 57. h4 Kd4 58. h5 Qc6+ 59.
Qf3 Qe8 60. g4 Qe7 61. h6 Kc5 62. Qa3+ 1-0

[Event "5MCR_3DW_1L_2S"]
[Site "ČR"]
[Date "2014.??.??"]
[Round "?"]
[White "Pravec, Ladislav"]
[Black "Pavlicek, Miroslav"]
[Result "1-0"]
[WhiteElo "2343"]
[BlackElo "2252"]
[PlyCount "117"]
[EventDate "2013.??.??"]
[EventType "corr"]

1. d4 d5 2. c4 c6 3. cxd5 cxd5 4. Nc3 e5 5. Nf3 e4 6. Ne5 f6 7. Qa4+ Nd7 8. Ng4
Kf7 9. Ne3 Nb6 10. Qb3 Be6 11. a4 a5 12. Nc2 Bd6 13. e3 Qc7 14. Nb5 Qb8 15.
Nxd6+ Qxd6 16. Qa2 Ne7 17. b3 Rhc8 18. Be2 Rc7 19. Na3 Bd7 20. O-O Nbc8 21. Bd2
b6 22. Rfc1 Raa7 23. h3 Kg8 24. Rxc7 Rxc7 25. Rb1 Qe6 26. b4 axb4 27. Rxb4 g6
28. Nb1 Nf5 29. Nc3 Bc6 30. Bd1 Kg7 31. Rb1 Nfd6 32. Bb3 Ne7 33. Ne2 g5 34. Bb4
h6 35. Nc3 f5 36. Qa3 Rd7 37. Ba2 Nec8 38. Rc1 Kh7 39. Bxd6 Rxd6 40. Nxd5 Bxd5
41. Rc7+ Kg8 42. Bxd5 Rxd5 43. Qb3 Nd6 44. a5 b5 45. a6 Ne8 46. Re7 Qxe7 47.
Qxd5+ Kg7 48. Qxb5 f4 49. a7 Nc7 50. Qb7 Kf7 51. a8=Q Nxa8 52. Qxa8 Qe6 53.
Qb7+ Kg6 54. d5 Qe5 55. Qa6+ Qf6 56. Qc6 Kf7 57. Qd7+ Kg6 58. Qe8+ Kg7 59. Qxe4
1-0

[Event "5MCR_3DW_1L_2S"]
[Site "ČR"]
[Date "2014.??.??"]
[Round "?"]
[White "Jirku, Jaroslav"]
[Black "Pravec, Ladislav"]
[Result "1/2-1/2"]
[WhiteElo "2338"]
[BlackElo "2343"]
[PlyCount "76"]
[EventDate "2013.??.??"]
[EventType "corr"]

1. e4 c5 2. Nf3 Nc6 3. d4 cxd4 4. Nxd4 Nf6 5. Nc3 e5 6. Ndb5 d6 7. Bg5 a6 8.
Na3 b5 9. Bxf6 gxf6 10. Nd5 f5 11. Bd3 Be6 12. O-O Bxd5 13. exd5 Ne7 14. c3 Bg7
15. Qh5 e4 16. Bc2 Qc8 17. Rae1 O-O 18. Kh1 Rb8 19. g4 b4 20. cxb4 Nxd5 21.
gxf5 Kh8 22. Qd1 Nf6 23. Qxd6 Qxf5 24. Qg3 Rxb4 25. b3 Bh6 26. Nc4 Rxc4 27.
bxc4 Rg8 28. Qb3 Bd2 29. Rb1 Bb4 30. f3 Qh3 31. Rf2 Bc5 32. Qc3 Qh4 33. Re2 Qg5
34. h3 e3 35. Be4 Qf4 36. Qb2 Bd6 37. Rg1 Rxg1+ 38. Kxg1 Qg3+ 1/2-1/2

[Event "5MCR_3DW_1L_2S"]
[Site "ČR"]
[Date "2014.??.??"]
[Round "?"]
[White "Pravec, Ladislav"]
[Black "Jirku, Jaroslav"]
[Result "1/2-1/2"]
[WhiteElo "2343"]
[BlackElo "2338"]
[PlyCount "82"]
[EventDate "2013.??.??"]
[EventType "corr"]

1. d4 d5 2. c4 e6 3. Nc3 Nf6 4. Nf3 c6 5. e3 Nbd7 6. Bd3 dxc4 7. Bxc4 b5 8. Bd3
Bb7 9. O-O a6 10. e4 c5 11. d5 Qc7 12. dxe6 fxe6 13. Bc2 c4 14. Nd4 Nc5 15. Be3
e5 16. Nf5 g6 17. Bg5 Ncxe4 18. Nxe4 Nxe4 19. Bxe4 Bxe4 20. Bf6 Rg8 21. Ng3 Bc6
22. Re1 Qd7 23. Qc1 Kf7 24. Bxe5 g5 25. Qc2 Qd3 26. Qxd3 cxd3 27. Rad1 Rd8 28.
Re3 Bc5 29. Rexd3 Rxd3 30. Rxd3 Re8 31. Bc3 b4 32. Bd2 h5 33. a3 bxa3 34. bxa3
Rb8 35. Rc3 Rb1+ 36. Rc1 Rxc1+ 37. Bxc1 Kg6 38. h3 g4 39. hxg4 hxg4 40. Nf1 Bd6
41. Ne3 g3 1/2-1/2

[Event "5MCR_3DW_1L_2S"]
[Site "ČR"]
[Date "2014.??.??"]
[Round "?"]
[White "Jirku, Jaroslav"]
[Black "Cernovsky, Karel"]
[Result "1/2-1/2"]
[WhiteElo "2338"]
[BlackElo "2344"]
[PlyCount "76"]
[EventDate "2013.??.??"]
[EventType "corr"]

1. e4 e5 2. Nf3 Nc6 3. Bb5 a6 4. Ba4 Nf6 5. O-O Be7 6. Re1 b5 7. Bb3 O-O 8. c3
d6 9. h3 Na5 10. Bc2 c5 11. d4 cxd4 12. cxd4 Qc7 13. Nbd2 Re8 14. Nf1 exd4 15.
Nxd4 Bb7 16. a4 b4 17. Bd2 Qb6 18. Nf5 Bf8 19. N1g3 Rac8 20. Be3 Qd8 21. Bg5 h6
22. Bf4 Nc4 23. b3 Ne5 24. Rc1 d5 25. exd5 Ng6 26. Rxe8 Qxe8 27. Nd6 Bxd6 28.
Bxd6 a5 29. Nf5 Bxd5 30. Bg3 Rc3 31. f3 Qe6 32. Be1 Nf4 33. Bxc3 bxc3 34. Kf2
g6 35. Ne3 Qe5 36. Qe1 Bb7 37. Rd1 Kh7 38. Kg1 N6h5 1/2-1/2

[Event "5MCR_3DW_1L_2S"]
[Site "ČR"]
[Date "2014.??.??"]
[Round "?"]
[White "Jarabinsky, Martin"]
[Black "Jirku, Jaroslav"]
[Result "0-1"]
[WhiteElo "2227"]
[BlackElo "2338"]
[PlyCount "76"]
[EventDate "2013.??.??"]
[EventType "corr"]

1. d4 d5 2. Nf3 Nf6 3. c4 e6 4. Nc3 c6 5. e3 Nbd7 6. Qc2 Bd6 7. Bd3 O-O 8. O-O
dxc4 9. Bxc4 b5 10. Be2 Bb7 11. e4 e5 12. Nh4 exd4 13. Nf5 Qb8 14. Nxd6 Qxd6
15. Nd1 c5 16. f3 c4 17. Nf2 Nc5 18. Rd1 Rad8 19. Be3 Ne6 20. Bf1 a6 21. Bd2
Rc8 22. b3 c3 23. Be1 Nd7 24. Nd3 Qe7 25. Bg3 Rfd8 26. Rac1 Ndc5 27. Nxc5 Qxc5
28. Bd3 b4 29. Qf2 Rd7 30. Kh1 Qa5 31. h3 h6 32. Qg1 Bc6 33. Bc4 Qg5 34. Bf2
Rcd8 35. Ra1 Nf4 36. h4 Qf6 37. Qh2 d3 38. Be3 Ng6 0-1

[Event "5MCR_3DW_1L_2S"]
[Site "ČR"]
[Date "2014.??.??"]
[Round "?"]
[White "Pravec, Ladislav"]
[Black "Jarabinsky, Martin"]
[Result "1/2-1/2"]
[WhiteElo "2343"]
[BlackElo "2227"]
[PlyCount "93"]
[EventDate "2013.??.??"]
[EventType "corr"]

1. d4 Nf6 2. c4 g6 3. Nc3 d5 4. cxd5 Nxd5 5. e4 Nxc3 6. bxc3 Bg7 7. Nf3 c5 8.
Rb1 O-O 9. Be2 cxd4 10. cxd4 Qa5+ 11. Qd2 Qxd2+ 12. Bxd2 e6 13. O-O b6 14. Rfd1
Bb7 15. d5 exd5 16. exd5 Ba6 17. Bf1 Bxf1 18. Kxf1 Na6 19. Bf4 Rad8 20. a4 Rd7
21. a5 bxa5 22. Rb5 Rfd8 23. Rxa5 Nc7 24. d6 Ne6 25. Bg3 Bc3 26. Rad5 f6 27.
Nd2 Bxd2 28. R5xd2 Kf7 29. Ra2 Ng7 30. f3 h5 31. Rda1 Nf5 32. Bf2 Nxd6 33. Rxa7
Nb5 34. Rxd7+ Rxd7 35. Rc1 Nc7 36. h4 Ne6 37. Kg1 g5 38. Ra1 Rd6 39. Ra2 Rc6
40. hxg5 fxg5 41. Kh2 Kg6 42. Be1 Kf6 43. Bd2 Rd6 44. Bc3+ Kg6 45. Ra5 Rb6 46.
Rd5 Rc6 47. Bd2 1/2-1/2

[Event "5MCR_3DW_1L_2S"]
[Site "ČR"]
[Date "2014.??.??"]
[Round "?"]
[White "Pirhala, Ladislav"]
[Black "Nedoma, Petr"]
[Result "1-0"]
[WhiteElo "2310"]
[BlackElo "2415"]
[PlyCount "121"]
[EventDate "2013.??.??"]
[EventType "corr"]

1. e4 e5 2. Nf3 Nc6 3. Bb5 a6 4. Ba4 Nf6 5. O-O Be7 6. Re1 b5 7. Bb3 O-O 8. c3
d5 9. exd5 Nxd5 10. Nxe5 Nxe5 11. Rxe5 c6 12. d4 Bd6 13. Re1 Qh4 14. g3 Qh3 15.
Re4 g5 16. Qf1 Qxf1+ 17. Kxf1 Bf5 18. Re1 Rfe8 19. Be3 Bd3+ 20. Kg1 f5 21. Na3
f4 22. Rad1 Bg6 23. Bd2 Bf7 24. c4 Nf6 25. c5 Bxb3 26. axb3 Bc7 27. Nc2 Nd5 28.
gxf4 Bxf4 29. Bxf4 Nxf4 30. Nb4 Rec8 31. Re5 h6 32. d5 cxd5 33. Nxd5 Nxd5 34.
Rexd5 a5 35. R1d4 b4 36. h4 gxh4 37. Rxh4 Rc6 38. f3 Rac8 39. Rhh5 Re6 40. Kf2
Rce8 41. Kg3 Rf6 42. Rhe5 Ref8 43. Rd3 R8f7 44. Re4 Kg7 45. Rc4 Rc7 46. Rd5 Re6
47. Kf4 Kf6 48. Rf5+ Ke7 49. Re4 Rc8 50. Rh5 Rf8+ 51. Ke3 Rff6 52. f4 Kd7 53.
f5 Re8 54. Rxe8 Kxe8 55. Kd4 Kd7 56. Kd5 Kd8 57. Kc4 Kc7 58. Kb5 Kb7 59. Kxa5
Kc7 60. Kxb4 Kc6 61. Kc4 1-0